[Event "POL-chT 2nd League"]
[Site "Lazy"]
[Date "2012.09.09"]
[Round "9"]
[White "Marchlewicz, Damian"]
[Black "Cichy, Kamil"]
[Result "1-0"]
[WhiteElo "1936"]
[BlackElo "1992"]
[PlyCount "71"]
[EventDate "2012.09.01"]
[EventType "team-swiss"]
[EventRounds "9"]
[EventCountry "POL"]
[SourceTitle "EXT 2019"]
[Source "ChessBase"]
[SourceDate "2018.10.10"]
[SourceVersion "1"]
[SourceVersionDate "2018.10.10"]
[SourceQuality "1"]
[WhiteTeam "Bydgoszcz Hetman"]
[BlackTeam "Rybnik MKSz"]
[WhiteTeamCountry "POL"]
[BlackTeamCountry "POL"]

1. d4 Nf6 2. Nf3 c5 3. c3 e6 4. Bf4 d5 5. e3 Be7 6. Nbd2 Nbd7 7. Bd3 0-0 8. 0-0 b6 9. Bg3 Nh5 10. e4 f5 11. exf5 exf5 12. Be5 Bb7 13. Re1 Nxe5 14. Nxe5 g6 15. g3 f4 16. Bxg6 Ng7 17. Bd3 c4 18. Bc2 Qd6 19. Ndf3 Rae8 20. Ba4 Rd8 21. Qd2 a6 22. b4 b5 23. Bc2 Bc8 24. a4 Ne6 25. axb5 axb5 26. Ra7 Nc7 27. Nc6 Rde8 28. Nxe7+ Rxe7 29. Rxe7 Qxe7 30. Qe1 Qxe1+ 31. Nxe1 fxg3 32. hxg3 Rf7 33. f4 Ba6 34. Nf3 Kf8 35. Ng5 Re7 36. Rxc7 1-0

[Event "POL-chT 2nd League"]
[Site "Lazy"]
[Date "2012.09.07"]
[Round "7"]
[White "Marchlewicz, Damian"]
[Black "Szczesniak, Konrad"]
[Result "1/2-1/2"]
[WhiteElo "1936"]
[BlackElo "2171"]
[PlyCount "125"]
[EventDate "2012.09.01"]
[EventType "team-swiss"]
[EventRounds "9"]
[EventCountry "POL"]
[SourceTitle "EXT 2019"]
[Source "ChessBase"]
[SourceDate "2018.10.10"]
[SourceVersion "1"]
[SourceVersionDate "2018.10.10"]
[SourceQuality "1"]
[WhiteTeam "Bydgoszcz Hetman"]
[BlackTeam "Prudnik LKS Zarzewie"]
[WhiteTeamCountry "POL"]
[BlackTeamCountry "POL"]

1. d4 Nf6 2. Nf3 g6 3. c4 Bg7 4. Nc3 0-0 5. e4 d6 6. Be2 e5 7. dxe5 dxe5 8. Qxd8 Rxd8 9. Bg5 c6 10. 0-0 h6 11. Rad1 Re8 12. Bh4 Na6 13. Ne1 Nc5 14. f3 Ne6 15. Bf2 Nh5 16. Nc2 Nef4 17. Rd2 Bf8 18. Rfd1 Be7 19. Bf1 g5 20. g3 Ng6 21. b4 a5 22. b5 g4 23. fxg4 Nf6 24. Be2 Bb4 25. Rd8 Be6 26. Rxe8+ Rxe8 27. Be1 Bxc3 28. Bxc3 Nxe4 29. Bxa5 cxb5 30. cxb5 Bxa2 31. Ne3 Ra8 32. Be1 Be6 33. Bf3 Nc5 34. Nf5 Ra3 35. Be2 Ra2 36. Rd2 Ra1 37. Rd1 Rxd1 38. Bxd1 e4 39. Nxh6+ Kh7 40. Nf5 Ne5 41. Bf2 Ncd3 42. h3 Kg6 43. Nd4 Bd5 44. Nf5 Be6 45. Nh4+ Kh7 46. Ng2 Bd7 47. b6 Nc4 48. Bd4 f5 49. gxf5 Bxf5 50. g4 Bd7 51. Ne3 Nd2 52. Nd5 Kg6 53. Be2 Nc1 54. Kf2 Nxe2 55. Kxe2 Nc4 56. Nc3 Bc6 57. h4 Bd7 58. Nxe4 Bxg4+ 59. Kd3 Bf5 60. Kxc4 Bxe4 61. Bf2 Bf3 62. Bc5 Kh5 63. Bf2 1/2-1/2

[Event "POL-chT 2nd League"]
[Site "Lazy"]
[Date "2012.09.05"]
[Round "5"]
[White "Marchlewicz, Damian"]
[Black "Jelonek, Michal"]
[Result "1/2-1/2"]
[WhiteElo "1936"]
[BlackElo "2015"]
[PlyCount "120"]
[EventDate "2012.09.01"]
[EventType "team-swiss"]
[EventRounds "9"]
[EventCountry "POL"]
[SourceTitle "EXT 2019"]
[Source "ChessBase"]
[SourceDate "2018.10.10"]
[SourceVersion "1"]
[SourceVersionDate "2018.10.10"]
[SourceQuality "1"]
[WhiteTeam "Bydgoszcz Hetman"]
[BlackTeam "Dors"]
[WhiteTeamCountry "POL"]
[BlackTeamCountry "POL"]

1. d4 Nf6 2. Nf3 e6 3. c4 b6 4. Nc3 Bb7 5. Bf4 Bb4 6. a3 Bxc3+ 7. bxc3 Ne4 8. Qc2 d6 9. e3 Nd7 10. Nd2 Nxd2 11. Qxd2 Qe7 12. Bg3 f5 13. f4 Be4 14. Bd3 d5 15. Bxe4 dxe4 16. Bf2 0-0 17. h3 Rfd8 18. Qe2 c5 19. g4 Rac8 20. 0-0 cxd4 21. cxd4 Nf8 22. Rfc1 Rd7 23. Be1 Rdc7 24. Bb4 Qh4 25. Kg2 g5 26. Be1 Qh6 27. Bg3 Rg7 28. c5 fxg4 29. hxg4 gxf4 30. exf4 Qg6 31. cxb6 Rxc1 32. Rxc1 axb6 33. Re1 h6 34. Kf2 Ra7 35. Qxe4 Qxg4 36. Qd3 Rg7 37. Rh1 Ng6 38. Qe4 h5 39. Rg1 h4 40. Bh2 Qh3 41. Rxg6 Qxh2+ 42. Kf1 Rxg6 43. Qxg6+ Kf8 44. Qf6+ Ke8 45. Qxe6+ Kf8 46. Qc8+ Kf7 47. Qf5+ Ke8 48. Qe5+ Kf8 49. f5 Qh3+ 50. Kf2 Qxa3 51. Qf6+ Ke8 52. Qxh4 Qb2+ 53. Ke3 Qc3+ 54. Ke4 Qc6+ 55. Kf4 Qc1+ 56. Kg4 Qg1+ 57. Kf3 Qd1+ 58. Kg2 Qe2+ 59. Qf2 Qe4+ 60. Kf1 Kf7 1/2-1/2

[Event "Kowalewo Pomorskie op-B 17th"]
[Site "Kowalewo Pomorskie"]
[Date "2010.07.07"]
[Round "5"]
[White "Kaniewski, Patryk"]
[Black "Marchlewicz, Damian"]
[Result "1/2-1/2"]
[WhiteElo "1731"]
[BlackElo "1929"]
[PlyCount "57"]
[EventDate "2010.07.04"]
[EventType "swiss"]
[EventRounds "9"]
[EventCountry "POL"]
[SourceTitle "EXT 2011"]
[Source "ChessBase"]
[SourceDate "2010.11.26"]
[SourceVersion "1"]
[SourceVersionDate "2010.11.26"]
[SourceQuality "1"]

1. d4 d5 2. c4 c6 3. Nc3 Nf6 4. cxd5 cxd5 5. Nf3 Nc6 6. Bg5 e6 7. e3 Be7 8. Bd3 0-0 9. a3 Na5 10. b4 Nc4 11. Bxc4 dxc4 12. Ne5 Nd5 13. Bxe7 Qxe7 14. Ne4 b5 15. Nc5 f6 16. Nf3 Bb7 17. 0-0 Nb6 18. e4 f5 19. exf5 Rxf5 20. Nd2 Bd5 21. f3 Rd8 22. Re1 Qf6 23. Nde4 Bxe4 24. fxe4 Rxd4 25. exf5 Rxd1 26. Raxd1 exf5 27. Ne6 Kf7 28. Nd8+ Kf8 29. Ne6+ 1/2-1/2

[Event "Kowalewo Pomorskie op-B 17th"]
[Site "Kowalewo Pomorskie"]
[Date "2010.07.06"]
[Round "4"]
[White "Marchlewicz, Damian"]
[Black "Borkowski, Adam"]
[Result "1-0"]
[WhiteElo "1929"]
[BlackElo "1827"]
[PlyCount "63"]
[EventDate "2010.07.04"]
[EventType "swiss"]
[EventRounds "9"]
[EventCountry "POL"]
[SourceTitle "EXT 2011"]
[Source "ChessBase"]
[SourceDate "2010.11.26"]
[SourceVersion "1"]
[SourceVersionDate "2010.11.26"]
[SourceQuality "1"]

1. d4 d5 2. Nf3 Nf6 3. Bf4 e6 4. e3 Bd6 5. Bg3 Ne4 6. Nbd2 Nxg3 7. hxg3 Nd7 8. Bd3 Nf6 9. c4 c6 10. Qc2 h6 11. e4 dxe4 12. Nxe4 Nxe4 13. Bxe4 f5 14. Bd3 Bb4+ 15. Ke2 0-0 16. Rhd1 Bd6 17. Kf1 Qf6 18. c5 Bc7 19. Bc4 Kh8 20. Re1 b5 21. Bb3 Re8 22. Ne5 Bxe5 23. Rxe5 Bd7 24. Rae1 Re7 25. d5 cxd5 26. c6 Be8 27. Bxd5 Bf7 28. Qc5 a6 29. Qd6 Rae8 30. c7 Rc8 31. Rc1 Bg8 32. Bb7 1-0

[Event "Kowalewo Pomorskie op-B 17th"]
[Site "Kowalewo Pomorskie"]
[Date "2010.07.06"]
[Round "3"]
[White "Siergiej, Izabela"]
[Black "Marchlewicz, Damian"]
[Result "1-0"]
[WhiteElo "1747"]
[BlackElo "1929"]
[PlyCount "69"]
[EventDate "2010.07.04"]
[EventType "swiss"]
[EventRounds "9"]
[EventCountry "POL"]
[SourceTitle "EXT 2011"]
[Source "ChessBase"]
[SourceDate "2010.11.26"]
[SourceVersion "1"]
[SourceVersionDate "2010.11.26"]
[SourceQuality "1"]

1. e4 e5 2. Nf3 Nc6 3. Bb5 Nge7 4. c3 g6 5. d4 exd4 6. cxd4 d5 7. e5 Bg7 8. h3 h6 9. Nc3 0-0 10. 0-0 a6 11. Ba4 Kh7 12. Bc2 Bf5 13. a3 Bxc2 14. Qxc2 Nf5 15. Rd1 Na5 16. Ne2 Nc4 17. b3 Nb6 18. a4 Re8 19. Nf4 c6 20. Ba3 Nd7 21. Rac1 Bf8 22. Bxf8 Nxf8 23. Re1 Ne6 24. Nh5 Re7 25. Rcd1 Qb6 26. Nf6+ Kg7 27. Qc3 h5 28. g3 Nh6 29. Nh4 Ng8 30. Qf3 Nxd4 31. Nxh5+ Kh8 32. Qg4 Ne6 33. Nf6 Qxb3 34. Nxg6+ fxg6 35. Qh4+ 1-0

[Event "Kowalewo Pomorskie op-B 17th"]
[Site "Kowalewo Pomorskie"]
[Date "2010.07.05"]
[Round "2"]
[White "Marchlewicz, Damian"]
[Black "Korcz, Daniel"]
[Result "1-0"]
[WhiteElo "1929"]
[BlackElo "1804"]
[PlyCount "45"]
[EventDate "2010.07.04"]
[EventType "swiss"]
[EventRounds "9"]
[EventCountry "POL"]
[SourceTitle "EXT 2011"]
[Source "ChessBase"]
[SourceDate "2010.11.26"]
[SourceVersion "1"]
[SourceVersionDate "2010.11.26"]
[SourceQuality "1"]

1. d4 Nf6 2. Nf3 g6 3. c4 Bg7 4. Nc3 d6 5. e4 0-0 6. Be2 Nbd7 7. 0-0 e5 8. Be3 exd4 9. Nxd4 Re8 10. f3 Nc5 11. Rc1 Bd7 12. b4 Ne6 13. Nb3 b6 14. Qc2 a5 15. bxa5 bxa5 16. a4 Nh5 17. f4 Nf6 18. Bf3 Ra6 19. g4 h6 20. Qd2 Nh7 21. Nb5 Nc5 22. Nxc5 dxc5 23. Rfd1 1-0

[Event "Bydgoszcz U18 op 26th"]
[Site "Bydgoszcz"]
[Date "2009.02.16"]
[Round "3.1"]
[White "Marchlewicz, Damian"]
[Black "Drozdowski, Kacper"]
[Result "1/2-1/2"]
[WhiteElo "1911"]
[BlackElo "2039"]
[PlyCount "71"]
[EventDate "2009.02.16"]
[EventType "swiss"]
[EventRounds "9"]
[EventCountry "POL"]
[SourceTitle "EXT 2023"]
[Source "ChessBase"]
[SourceDate "2022.10.05"]
[SourceVersion "1"]
[SourceVersionDate "2022.10.05"]
[SourceQuality "1"]

1. d4 Nf6 2. c4 g6 3. Nc3 Bg7 4. e4 d6 5. Nf3 0-0 6. Be2 e5 7. dxe5 dxe5 8. Qxd8 Rxd8 9. Bg5 Re8 10. Nd5 Nxd5 11. cxd5 c6 12. Bc4 cxd5 13. Bxd5 Nc6 14. 0-0 Nb4 15. Bc4 Bg4 16. h3 Bxf3 17. gxf3 Nc2 18. Rac1 Nd4 19. Kg2 h6 20. Be3 Rac8 21. Bd5 b6 22. Bb7 Rc2 23. Rxc2 Nxc2 24. Bd2 Bf8 25. Rc1 Nd4 26. Bd5 Bd6 27. Bxh6 Bc5 28. Bd2 Ne2 29. Re1 Nf4+ 30. Bxf4 exf4 31. Rd1 Kg7 32. Bc4 Kf6 33. Kf1 a5 34. Ke2 Ke7 35. Bd5 Rh8 36. Rh1 1/2-1/2

[Event "Polanica Zdroj op-B 44th"]
[Site "Polanica Zdroj"]
[Date "2008.08.24"]
[Round "6"]
[White "Marchlewicz, Damian"]
[Black "Wielosz, Jaroslaw"]
[Result "1-0"]
[WhiteElo "1861"]
[BlackElo "1975"]
[PlyCount "40"]
[EventDate "2008.08.19"]
[EventType "swiss"]
[EventRounds "10"]
[EventCountry "POL"]
[SourceTitle "CBM 126 Extra"]
[Source "ChessBase"]
[SourceDate "2008.11.05"]
[SourceVersion "1"]
[SourceVersionDate "2008.11.05"]
[SourceQuality "1"]

1. e4 c5 2. Nf3 e6 3. d4 cxd4 4. Nxd4 a6 5. Nc3 Nc6 6. Be2 Qc7 7. 0-0 Nf6 8. Bg5 Be7 9. Qd2 0-0 10. Rad1 Nxd4 11. Qxd4 Ng4 12. Bxg4 Bxg5 13. Rd3 Bf6 14. Qe3 b5 15. a3 Bb7 16. Rfd1 Rfd8 17. Qd2 Bc6 18. Re3 Be5 19. g3 Qb7 20. f4 Bb8 1-0

[Event "Polanica Zdroj op-B 44th"]
[Site "Polanica Zdroj"]
[Date "2008.08.19"]
[Round "1"]
[White "Szumilas, Piotr"]
[Black "Marchlewicz, Damian"]
[Result "1-0"]
[WhiteElo "2070"]
[BlackElo "1861"]
[PlyCount "93"]
[EventDate "2008.08.19"]
[EventType "swiss"]
[EventRounds "10"]
[EventCountry "POL"]
[SourceTitle "CBM 126 Extra"]
[Source "ChessBase"]
[SourceDate "2008.11.05"]
[SourceVersion "1"]
[SourceVersionDate "2008.11.05"]
[SourceQuality "1"]

1. e4 e6 2. Nf3 d5 3. Nc3 dxe4 4. Nxe4 Nf6 5. Nxf6+ gxf6 6. d4 Nd7 7. Bf4 Bd6 8. Bg3 b6 9. Bc4 Bb7 10. Qe2 Qe7 11. 0-0-0 0-0-0 12. Rhe1 Bxg3 13. hxg3 Qf8 14. a3 Re8 15. Bb5 c6 16. Bd3 f5 17. Kb1 b5 18. Ne5 Nxe5 19. Qxe5 Rd8 20. c4 Qd6 21. Qf6 Rhf8 22. cxb5 cxb5 23. Bxb5 Bxg2 24. Qe5 Qxe5 25. dxe5 Bf3 26. Rd6 Kb8 27. Rc1 Be4+ 28. Ka2 Bd5+ 29. b3 Rc8 30. Rxc8+ Rxc8 31. Kb2 Be4 32. Bc4 Rc5 33. Rd8+ Rc8 34. Rxc8+ Kxc8 35. Bb5 Kd8 36. Kc3 Ke7 37. Kd4 f6 38. Bc4 Bb7 39. b4 Bc8 40. a4 fxe5+ 41. Kxe5 h6 42. b5 Bd7 43. a5 Bc8 44. b6 axb6 45. axb6 f4 46. gxf4 h5 47. Bxe6 1-0

[Event "Ostroda op"]
[Site "Ostroda"]
[Date "2008.08.07"]
[Round "5"]
[White "Jozwik, Rafal"]
[Black "Marchlewicz, Damian"]
[Result "1/2-1/2"]
[WhiteElo "2131"]
[BlackElo "1861"]
[PlyCount "38"]
[EventDate "2008.08.04"]
[EventType "swiss"]
[EventRounds "9"]
[EventCountry "POL"]
[SourceTitle "CBM 126 Extra"]
[Source "ChessBase"]
[SourceDate "2008.11.05"]
[SourceVersion "1"]
[SourceVersionDate "2008.11.05"]
[SourceQuality "1"]

1. e4 c6 2. d4 d5 3. exd5 cxd5 4. c4 Nf6 5. Nc3 Nc6 6. Bg5 e6 7. c5 Be7 8. Nf3 a6 9. Bd3 Qc7 10. 0-0 0-0 11. a3 b6 12. b4 bxc5 13. bxc5 Rb8 14. Rb1 Bd7 15. Qd2 Qa5 16. Ne5 Nxe5 17. dxe5 Ne4 18. Bxe4 Bxg5 19. Qxg5 Qxc3 1/2-1/2

[Event "Ostroda op"]
[Site "Ostroda"]
[Date "2008.08.05"]
[Round "2"]
[White "Zielinski, Olgierd"]
[Black "Marchlewicz, Damian"]
[Result "1/2-1/2"]
[WhiteElo "1979"]
[BlackElo "1861"]
[PlyCount "42"]
[EventDate "2008.08.04"]
[EventType "swiss"]
[EventRounds "9"]
[EventCountry "POL"]
[SourceTitle "CBM 126 Extra"]
[Source "ChessBase"]
[SourceDate "2008.11.05"]
[SourceVersion "1"]
[SourceVersionDate "2008.11.05"]
[SourceQuality "1"]

1. e4 c5 2. Nf3 Nc6 3. d4 cxd4 4. Nxd4 Nf6 5. Nc3 e6 6. Nxc6 bxc6 7. e5 Nd5 8. Nxd5 cxd5 9. Bd3 Bc5 10. Qg4 g6 11. 0-0 Bb7 12. Bh6 Rg8 13. b4 Be7 14. a4 a5 15. b5 Qc7 16. Qe2 Bc5 17. Be3 Rc8 18. Bxc5 Qxc5 19. Qd2 Qc3 20. Qxc3 Rxc3 21. f3 Ke7 1/2-1/2

[Event "Kowalewo Pomorskie op-B"]
[Site "Kowalewo Pomorskie"]
[Date "2008.07.07"]
[Round "4.2"]
[White "Dobrowolski, Marcin"]
[Black "Marchlewicz, Damian"]
[Result "1/2-1/2"]
[WhiteElo "1949"]
[BlackElo "1861"]
[PlyCount "74"]
[EventDate "2008.07.04"]
[EventType "swiss"]
[EventRounds "9"]
[EventCountry "POL"]
[SourceTitle "EXT 2023"]
[Source "ChessBase"]
[SourceDate "2022.10.05"]
[SourceVersion "1"]
[SourceVersionDate "2022.10.05"]
[SourceQuality "1"]

1. b3 d5 2. Bb2 Nc6 3. e3 Nf6 4. d4 e6 5. Nf3 Be7 6. c4 0-0 7. Nc3 b6 8. Bd3 Bb7 9. 0-0 Bd6 10. cxd5 exd5 11. Nb5 Re8 12. Rc1 a6 13. Nxd6 Qxd6 14. a3 h6 15. Qc2 Re7 16. Ne5 Nd8 17. b4 Ne6 18. Nc6 Bxc6 19. Qxc6 Qxc6 20. Rxc6 Ne8 21. a4 Nd6 22. Ra1 g6 23. Ba3 Rd7 24. Kf1 Nd8 25. Rc2 c6 26. Bc1 Rda7 27. f3 Re7 28. Bd2 Kg7 29. Kf2 f5 30. h3 Raa7 31. Rg1 Kf6 32. g4 b5 33. h4 Nc4 34. e4 fxe4 35. fxe4 Nxd2 36. e5+ Kg7 37. Rxd2 Ne6 1/2-1/2

[Event "POL-ch U16"]
[Site "Leba"]
[Date "2008.04.02"]
[Round "6"]
[White "Marchlewicz, Damian"]
[Black "Barski, Radoslaw"]
[Result "0-1"]
[WhiteElo "1841"]
[BlackElo "2060"]
[PlyCount "58"]
[EventDate "2008.03.29"]
[EventType "swiss"]
[EventRounds "11"]
[EventCountry "POL"]
[SourceTitle "CBM 123 Extra"]
[Source "ChessBase"]
[SourceDate "2008.05.06"]
[SourceVersion "1"]
[SourceVersionDate "2008.05.06"]
[SourceQuality "1"]

1. e4 c5 2. Nf3 d6 3. d4 cxd4 4. Nxd4 Nf6 5. Nc3 a6 6. Be3 e5 7. Nb3 Be7 8. Be2 0-0 9. 0-0 Be6 10. f4 exf4 11. Bxf4 Nc6 12. Bf3 Ne5 13. Bxe5 dxe5 14. Qxd8 Rfxd8 15. Rad1 b5 16. Rxd8+ Rxd8 17. Rd1 Rc8 18. a3 h6 19. Be2 Bxa3 20. Nd5 Rxc2 21. bxa3 Rxe2 22. Nxf6+ gxf6 23. Nc5 a5 24. Rd3 Rc2 25. Nb7 a4 26. Nd6 Rb2 27. Rf3 Rb3 28. Rxf6 Rxa3 29. Nc4 Rb3 0-1

[Event "POL-ch U16"]
[Site "Leba"]
[Date "2008.03.31"]
[Round "3"]
[White "Marchlewicz, Damian"]
[Black "Zielinski, Wojciech"]
[Result "1/2-1/2"]
[WhiteElo "1841"]
[BlackElo "1901"]
[PlyCount "38"]
[EventDate "2008.03.29"]
[EventType "swiss"]
[EventRounds "11"]
[EventCountry "POL"]
[SourceTitle "CBM 123 Extra"]
[Source "ChessBase"]
[SourceDate "2008.05.06"]
[SourceVersion "1"]
[SourceVersionDate "2008.05.06"]
[SourceQuality "1"]

1. e4 e6 2. d4 d5 3. e5 c5 4. c3 Nc6 5. Nf3 f6 6. a3 Bd7 7. Be3 fxe5 8. Nxe5 Nxe5 9. dxe5 Qc7 10. f4 Nh6 11. Bd3 Bc6 12. 0-0 g6 13. Nd2 Nf5 14. Bf2 h5 15. Bxf5 gxf5 16. Nf3 Be7 17. Bh4 Bxh4 18. Nxh4 0-0-0 19. Nf3 d4 1/2-1/2